The noble scholar, jurist, historian


 His Excellency Dr. Abdul Wahhab bin Ibrahim Abu Sulaiman, may Allah have mercy on him.


 He was born in Umm Al-Qura in the year 1356 AH.

طبقات الشافعية / (Record no. 5864)

MARC details
000 -LEADER
fixed length control field 02653cam a2200313 i 4500
003 - CONTROL NUMBER IDENTIFIER
control field SA-RiAUC
005 - DATE AND TIME OF LATEST TRANSACTION
control field 20250212095949.0
008 - FIXED-LENGTH DATA ELEMENTS--GENERAL INFORMATION
fixed length control field 250212s1978 ii g f000r0cara c
040 ## - CATALOGING SOURCE
Original cataloging agency SA-RiPNUNIV
Language of cataloging ara
Transcribing agency SA-RiAUC
Description conventions rda
082 04 - DEWEY DECIMAL CLASSIFICATION NUMBER
Classification number 922.58
Assigning agency SA-RiAUC
090 ## - LOCALLY ASSIGNED LC-TYPE CALL NUMBER (OCLC); LOCAL CALL NUMBER (RLIN)
Classification number (OCLC) (R) ; Classification number, CALL (RLIN) (NR) 922.58
Local cutter number (OCLC) ; Book number/undivided call number, CALL (RLIN) ا ب ن ق
100 1# - MAIN ENTRY--PERSONAL NAME
Personal name ابن قاضي شهبة، أبو بكر بن أحمد بن محمد،
Dates associated with a name 779-851 هجري
Relator term مؤلف.
245 10 - TITLE STATEMENT
Title طبقات الشافعية /
Statement of responsibility, etc. لأبي بكر بن أحمد بن محمد بن عمر بن محمد تقي الدين بن قاضي شهبة ؛ اعتنى بتصحيحه وعلق عليه ورتب فهارسه الحافظ عبد العليم خان.
250 ## - EDITION STATEMENT
Edition statement الطبعة الأولى.
264 #1 - PRODUCTION, PUBLICATION, DISTRIBUTION, MANUFACTURE, AND COPYRIGHT NOTICE
Place of production, publication, distribution, manufacture بيروت :
Name of producer, publisher, distributor, manufacturer عالم الكتب
Date of production, publication, distribution, manufacture, or copyright notice 1978
300 ## - PHYSICAL DESCRIPTION
Extent مجلد ؛
Dimensions 24 ×17 سم.
336 ## - CONTENT TYPE
Content type term نص
Content type code txt
Source rdacontent
Materials specified كتاب
337 ## - MEDIA TYPE
Media type term بدون وسيط
Media type code n
Source rdamedia
338 ## - CARRIER TYPE
Carrier type term مجلد
Carrier type code nc
Source rdacarrier
490 1# - SERIES STATEMENT
Series statement السلسلة الجديدة من مطبوعات دائرة المعارف العثمانية ؛
Volume/sequential designation 5
500 ## - GENERAL NOTE
General note المكتبة يتوافر بها : مجلد 1.
650 #7 - SUBJECT ADDED ENTRY--TOPICAL TERM
Topical term or geographic name entry element الفقهاء الشافعية
Form subdivision تراجم
Source of heading or term aucsh
700 1# - ADDED ENTRY--PERSONAL NAME
Personal name خان، الحافظ عبد العليم
Relator term مصحح.
830 #2 - SERIES ADDED ENTRY--UNIFORM TITLE
Uniform title السلسلة الجديدة من مطبوعات دائرة المعارف العثمانية
Volume/sequential designation 5
856 ## - ELECTRONIC LOCATION AND ACCESS
Uniform Resource Identifier <a href="http://www.alwaraq.net/Core/AlwaraqSrv/bookpage?book=292&amp;option=1&fkey=2&page=1">http://www.alwaraq.net/Core/AlwaraqSrv/bookpage?book=292&amp;option=1&fkey=2&page=1</a>
Link text Digital Copy
Access method نرجو الانتباه لإمكانية وجود اختلاف في الطبعة أو الناشر بين البيانات على البوابة وما ستجده على الكتاب نظرا لمحدودية المعلومات المتاحة على الموقع الناشر للمادة.
Materials specified Please note that there may be a difference in the edition or publisher between the data on the portal and the book due to the limited information available on the publisher website for the material.
856 ## - ELECTRONIC LOCATION AND ACCESS
Uniform Resource Identifier <a href="http://www.alwaraq.net/Core/waraq/coverpage?bookid=292&amp;option=1">http://www.alwaraq.net/Core/waraq/coverpage?bookid=292&amp;option=1</a>
Link text External Link
Access method نرجو الانتباه لإمكانية وجود اختلاف في الطبعة أو الناشر بين البيانات على البوابة وما ستجده على الكتاب نظرا لمحدودية المعلومات المتاحة على الموقع الناشر للمادة.
Materials specified Please note that there may be a difference in the edition or publisher between the data on the portal and the book due to the limited information available on the publisher website for the material.
942 ## - ADDED ENTRY ELEMENTS (KOHA)
Source of classification or shelving scheme Dewey Decimal Classification
Koha item type Books
Suppress in OPAC No
949 ## - LOCAL PROCESSING INFORMATION (OCLC)
a SA-JeALM
d 250212
u eid123
n 1
Holdings
Withdrawn status Lost status Source of classification or shelving scheme Materials specified (bound volume or other part) Damaged status Not for loan Home library Current library Date acquired Total checkouts Full call number Barcode Date last seen Price effective from Koha item type
    Dewey Decimal Classification المجلد الاول (الجزء الاول و الثاني)     DR AbdElwahab Library DR AbdElwahab Library 02/12/2025   922.58 ا ب ن ق 000009896 02/12/2025 02/12/2025 Books
    Dewey Decimal Classification المجلد الثاني (الجز الثالث و الرابع)     DR AbdElwahab Library DR AbdElwahab Library 02/12/2025   922.58 ا ب ن ق 000009897 02/12/2025 02/12/2025 Books